[Event "Titled Tue 27th May Early"]
[Site "chess.com INT"]
[Date "2025.05.27"]
[Round "6"]
[White "Bogaudinov, Rushan"]
[Black "Kim, Sergey"]
[Result "1-0"]
[WhiteTitle "FM"]
[BlackTitle "FM"]
[WhiteElo "1912"]
[BlackElo "2295"]
[WhiteFideId "4129288"]
[BlackFideId "13700570"]
[EventDate "2025.05.27"]

1. e4 e5 2. Nc3 Nf6 3. g3 g6 4. Bg2 Bg7 5. d3 O-O 6. f4 d6 7. fxe5 dxe5 8. Nf3
Re8 9. O-O c6 10. h3 a5 11. Kh2 a4 12. a3 Nbd7 13. Be3 b5 14. Qd2 Qc7 15. Bh6
Nf8 16. Bxg7 Kxg7 17. d4 exd4 18. Nxd4 Bd7 19. Qg5 Qe5 20. Nf5+ Bxf5 21. exf5 h6
22. Qh4 g5 23. Qb4 Rac8 24. Rae1 Qxe1 25. Rxe1 Rxe1 26. Nxb5 Re2 27. Nd4 Ree8
28. Qxa4 c5 29. Nb5 Rcd8 30. Nc3 Rd2 31. Qb3 Re3 32. g4 h5 33. gxh5 Nxh5 34. Kg1
Nf4 35. Bf1 Rg3+ 36. Kh1 Rf2 37. Qb5 Rgf3 38. Kg1 Rxc2 39. Ne4 1-0

[Event "Titled Tue 27th May Early"]
[Site "chess.com INT"]
[Date "2025.05.27"]
[Round "6"]
[White "Dambaev, Dashi"]
[Black "Molina, Roberto Junio Brito"]
[Result "1-0"]
[WhiteTitle "CM"]
[BlackTitle "IM"]
[WhiteElo "2211"]
[BlackElo "2381"]
[WhiteFideId "55628494"]
[BlackFideId "2109450"]
[EventDate "2025.05.27"]

1. e4 c6 2. d4 d5 3. e5 Bf5 4. Nf3 e6 5. Be2 Bg6 6. O-O Nh6 7. a4 Nf5 8. c3 Be7
9. b4 O-O 10. a5 Nd7 11. Nbd2 b6 12. Nb3 c5 13. axb6 axb6 14. Rxa8 Qxa8 15. Bb5
Qc8 16. bxc5 bxc5 17. Bxd7 Qxd7 18. Nxc5 Bxc5 19. dxc5 Rc8 20. Ba3 Qb5 21. Nd4
Qc4 22. Qd2 Ra8 23. Nxf5 Bxf5 24. Bb4 Bd3 25. Re1 Ra2 26. Qe3 h6 27. h3 Bf5 28.
Qd4 Qb5 29. Rd1 Qe2 30. c6 Ra6 31. c7 Rc6 32. Bd6 Qc2 33. Ra1 Kh7 34. Ra8 Rxc3
35. Qxc3 Qxc3 36. c8=Q Qe1+ 37. Kh2 Qxf2 38. Qg8+ Kg6 39. Ra3 h5 40. Rg3+ Bg4
41. hxg4 h4 42. Rf3 1-0

[Event "Titled Tue 27th May Early"]
[Site "chess.com INT"]
[Date "2025.05.27"]
[Round "6"]
[White "Alvarez, Leandro"]
[Black "Zong, Davis"]
[Result "0-1"]
[BlackTitle "FM"]
[WhiteElo "2130"]
[BlackElo "2242"]
[WhiteFideId "132756"]
[BlackFideId "30903955"]
[EventDate "2025.05.27"]

1. e4 e5 2. Nf3 Nc6 3. d4 exd4 4. Bc4 Bc5 5. O-O d6 6. c3 Bg4 7. Qb3 Bxf3 8.
Bxf7+ Kf8 9. gxf3 Nf6 10. Be6 Qe8 11. Bf5 Ne5 12. cxd4 Bxd4 13. Bf4 Qh5 14. Nd2
g6 15. Qe6 Kg7 16. Qe7+ Nf7 17. Be6 Rhf8 18. Qxc7 Rae8 19. Bxf7 Rxf7 20. Qxd6
Bxb2 21. Rab1 Be5 22. Bxe5 Rxe5 23. Rb3 Rd7 24. Qb4 Qg5+ 25. Kh1 Qxd2 26. Qxd2
Rxd2 27. Rxb7+ Rd7 28. Rxd7+ Nxd7 29. Rb1 Nb6 30. Rc1 Ra5 31. Rc7+ Kf6 32. Rc6+
Ke5 33. Kg2 Rxa2 34. Rc5+ Kd6 35. Rc1 a5 36. Rb1 Nd7 37. Rd1+ Ke6 38. Kg3 a4 39.
f4 a3 40. e5 Rb2 41. Rd6+ Ke7 42. Ra6 a2 43. h4 Nc5 44. Ra7+ Ke6 45. f3 Nb3 46.
Ra6+ Ke7 47. Ra7+ Kd8 48. Ra8+ Kc7 49. Ra7+ Kb6 50. Rxh7 a1=Q 51. Rg7 Qg1+ 52.
Kh3 Qg2# 0-1

[Event "Titled Tue 27th May Early"]
[Site "chess.com INT"]
[Date "2025.05.27"]
[Round "6"]
[White "Tifferet, Shakked"]
[Black "Mikhailovsky, Vladimir"]
[Result "0-1"]
[WhiteTitle "FM"]
[BlackTitle "CM"]
[WhiteElo "2332"]
[BlackElo "2215"]
[WhiteFideId "2811529"]
[BlackFideId "34105414"]
[EventDate "2025.05.27"]

1. e4 c5 2. Ne2 Nc6 3. d4 cxd4 4. Nxd4 Nf6 5. Nxc6 bxc6 6. Bd3 e5 7. O-O Bc5 8.
b3 O-O 9. Bb2 Re8 10. c4 d5 11. cxd5 cxd5 12. exd5 Qxd5 13. Nc3 Qe6 14. Ne4 Bb6
15. Qf3 Rb8 16. Nxf6+ Qxf6 17. Qxf6 gxf6 18. Be4 Be6 19. Rac1 Red8 20. Rfd1
Rxd1+ 21. Rxd1 Rc8 22. h3 a5 23. g4 a4 24. bxa4 Rc4 25. Rd6 Bxf2+ 26. Kxf2 Rxe4
27. a5 Ra4 28. Bc3 Rxa2+ 29. Rd2 Ra3 30. Bb4 Ra4 31. Be7 Kg7 32. Bd8 h6 33. Kg3
f5 34. gxf5 Bxf5 35. Rf2 Kg6 36. h4 h5 37. Kf3 Bg4+ 38. Ke3 f5 39. Rd2 f4+ 40.
Kf2 e4 41. Rd6+ Kf5 42. a6 e3+ 43. Kg1 Ra1+ 44. Kg2 f3+ 45. Kg3 f2 46. Rf6+ Ke5
47. Rf4 Rg1+ 48. Kh2 Kxf4 49. a7 Bf3 50. Bc7+ Kg4 51. a8=Q Rg2+ 0-1

[Event "Titled Tue 27th May Early"]
[Site "chess.com INT"]
[Date "2025.05.27"]
[Round "6"]
[White "Puzyrevsky, Semyon"]
[Black "Klukin, Kirill"]
[Result "1-0"]
[WhiteTitle "FM"]
[BlackTitle "IM"]
[WhiteElo "2253"]
[BlackElo "2407"]
[WhiteFideId "24240931"]
[BlackFideId "24199273"]
[EventDate "2025.05.27"]

1. e4 e6 2. d4 d5 3. Nd2 c5 4. exd5 Qxd5 5. Ngf3 cxd4 6. Bc4 Qd6 7. O-O Nf6 8.
Nb3 Nc6 9. Re1 Be7 10. Nbxd4 Nxd4 11. Nxd4 O-O 12. c3 Qc7 13. Bf1 Rd8 14. Qe2
Bd7 15. g3 Be8 16. Bg2 Rac8 17. Bf4 Bd6 18. Bg5 Be7 19. Nf5 Bf8 20. Bxf6 gxf6
21. Ne3 f5 22. Rad1 Bg7 23. Rxd8 Rxd8 24. Rd1 b6 25. Rxd8 Qxd8 26. f4 Bf8 27. b4
Qc7 28. Qc4 Qd6 29. Qe2 Bg7 30. Nxf5 exf5 31. Qxe8+ Qf8 32. Qc6 Qe7 33. Qc8+ Qf8
34. Qc6 Qe7 35. Kf2 h6 36. Bd5 Qf6 37. Qc7 a5 38. b5 Kh7 39. Qc8 Kg6 40. Qd7 Kh7
41. Bxf7 Qxc3 42. Qxf5+ Kh8 43. Kg2 Bf6 44. Qg6 Bg7 45. Qe6 Qc2+ 46. Kh3 1-0

[Event "Titled Tue 27th May Early"]
[Site "chess.com INT"]
[Date "2025.05.27"]
[Round "6"]
[White "Vykouk, Jan"]
[Black "Kosakowski, Jakub"]
[Result "0-1"]
[WhiteTitle "IM"]
[BlackTitle "GM"]
[WhiteElo "2496"]
[BlackElo "2530"]
[WhiteFideId "349658"]
[BlackFideId "1185080"]
[EventDate "2025.05.27"]

1. e4 c5 2. Nf3 d6 3. d4 cxd4 4. Nxd4 Nf6 5. Nc3 a6 6. Bg5 e6 7. Qe2 Be7 8. h4
h6 9. Bd2 b5 10. a3 Qc7 11. g4 Nfd7 12. Bg2 Bb7 13. O-O-O Nc6 14. Nxc6 Bxc6 15.
g5 Rb8 16. f4 a5 17. f5 b4 18. axb4 axb4 19. Nd5 exd5 20. exd5 Ba4 21. Bf4 Ne5
22. Rhe1 hxg5 23. hxg5 f6 24. g6 Rh4 25. Rd4 Bb5 26. Qf2 Nd3+ 27. Rxd3 Bxd3 28.
Bxd6 Qxd6 29. Qxh4 Bxf5 30. Qh8+ Kd7 31. Qxg7 Rc8 32. Re2 b3 33. c3 Re8 34. Qh6
Qg3 35. d6 Qd3 36. dxe7 Qxe2 37. Qd2+ Qxd2+ 38. Kxd2 Bxg6 39. Bd5 Rxe7 40. Bxb3
Rh7 41. Bd1 Rh2+ 42. Kc1 Rh1 43. Kd2 Kd6 44. b4 Rh2+ 45. Ke3 Rh3+ 46. Kd4 Rd3+
47. Kc4 Rxd1 0-1

[Event "Titled Tue 27th May Early"]
[Site "chess.com INT"]
[Date "2025.05.27"]
[Round "6"]
[White "Omariev, Maksim"]
[Black "Shukhman, Anna"]
[Result "0-1"]
[WhiteTitle "FM"]
[BlackTitle "WGM"]
[WhiteElo "2304"]
[BlackElo "2413"]
[WhiteFideId "4193423"]
[BlackFideId "54180058"]
[EventDate "2025.05.27"]

1. g4 e5 2. Bg2 Nc6 3. c4 Bc5 4. Nc3 d6 5. h3 f5 6. d3 fxg4 7. hxg4 Bxg4 8. Ne4
Bb4+ 9. Bd2 Bxd2+ 10. Qxd2 Nf6 11. O-O-O Bf5 12. Ng3 Bg6 13. Nf3 Ng4 14. Rh4 Nf6
15. Rdh1 Qe7 16. Ng5 h6 17. f4 exf4 18. Rxf4 O-O 19. Nf3 Nd7 20. Rfh4 Nde5 21.
Nh5 Nxf3 22. Bxf3 Bxh5 23. Rxh5 Qf6 24. Bd5+ Kh7 25. Be4+ Kg8 26. Bd5+ Kh7 27.
Be4+ Kg8 28. Rg1 Nd4 29. Rxh6 Qf1+ 30. Rxf1 Rxf1+ 31. Qd1 Rxd1+ 32. Kxd1 gxh6
33. Bxb7 Rb8 34. Bd5+ Kg7 35. b3 c6 36. Be4 h5 37. e3 Ne6 38. Bxc6 Rf8 39. Ke2
h4 40. Bd7 Ng5 41. e4 h3 42. Bxh3 Nxh3 43. d4 Nf4+ 44. Ke3 Ne6 45. b4 Kf6 46. c5
dxc5 47. bxc5 Rc8 48. e5+ Ke7 49. Ke4 Nxc5+ 50. dxc5 Rxc5 51. a4 Ra5 0-1

[Event "Titled Tue 27th May Early"]
[Site "chess.com INT"]
[Date "2025.05.27"]
[Round "6"]
[White "Suvradeepta, Das"]
[Black "Thorhallsson, Simon"]
[Result "0-1"]
[WhiteTitle "FM"]
[BlackTitle "FM"]
[WhiteElo "2254"]
[BlackElo "2218"]
[WhiteFideId "5058031"]
[BlackFideId "2310090"]
[EventDate "2025.05.27"]

1. Nf3 g6 2. g3 Bg7 3. Bg2 c5 4. O-O Nc6 5. c4 d6 6. Nc3 Bf5 7. d3 Qd7 8. Re1
Bh3 9. Bh1 h5 10. e4 h4 11. Bf4 e5 12. Bg5 f6 13. Bd2 Bg4 14. Nd5 Nge7 15. Ne3
Bh3 16. a3 Bh6 17. b4 b6 18. b5 Nd4 19. Nxd4 cxd4 20. Nd5 Nxd5 21. exd5 Bxd2 22.
Qxd2 hxg3 23. fxg3 Kf7 24. a4 Kg7 25. a5 f5 26. axb6 axb6 27. Ra6 Rxa6 28. bxa6
f4 29. Ra1 fxg3 30. hxg3 Bg4 31. a7 Ra8 32. Qa2 Qf5 33. Qf2 Qxd3 34. Rf1 Bf5 35.
g4 Rxa7 36. gxf5 Qxf5 37. Qxf5 gxf5 38. Rxf5 Ra4 39. Rg5+ Kf6 40. Rg8 Rxc4 41.
Re8 Rc1+ 42. Kh2 Rc2+ 43. Kg3 d3 0-1

[Event "Titled Tue 27th May Early"]
[Site "chess.com INT"]
[Date "2025.05.27"]
[Round "6"]
[White "Gubatayev, Ahmet"]
[Black "Montano Vicente, Guadalupe"]
[Result "1-0"]
[WhiteTitle "CM"]
[WhiteElo "2191"]
[BlackElo "1940"]
[WhiteFideId "14004526"]
[BlackFideId "5181399"]
[EventDate "2025.05.27"]

1. Nf3 c5 2. c3 b6 3. d4 Bb7 4. g3 Nf6 5. Bg2 g6 6. O-O Bg7 7. Re1 O-O 8. Nbd2
d5 9. Ne5 Nbd7 10. Ndf3 Rc8 11. Bf4 Nxe5 12. Nxe5 Nd7 13. Qa4 Nxe5 14. dxe5 a6
15. Red1 b5 16. Qb3 e6 17. e4 c4 18. Qb4 g5 19. Be3 Bxe5 20. exd5 exd5 21. a4
Bd6 22. axb5 Bxb4 23. bxa6 Ba8 24. cxb4 Qd7 25. Bxg5 d4 26. Bf6 Bxg2 27. Rxd4
Qf5 28. Rf4 Qh3 29. Ra5 Rfe8 30. Rg5+ Kf8 31. Bg7+ Ke7 32. Rh4 Qe6 33. Re5 Qxe5
34. Bxe5 Ke6 35. Bc3 Bd5 36. Rxh7 Bc6 37. a7 Ra8 38. Rh6+ Kd5 39. Rh5+ Ke6 40.
Rh6+ Kd7 41. Bd4 Re6 42. Rxe6 Kxe6 43. g4 Kd5 44. Bc5 Ke4 45. Be3 Kd3 46. h4 Kc2
47. Bd4 Kb3 48. h5 Kxb4 49. h6 Be4 50. f3 1-0

[Event "Titled Tue 27th May Early"]
[Site "chess.com INT"]
[Date "2025.05.27"]
[Round "6"]
[White "Karimova, Guldona"]
[Black "King, Alexander"]
[Result "1-0"]
[WhiteTitle "WIM"]
[BlackTitle "FM"]
[WhiteElo "2265"]
[BlackElo "2263"]
[WhiteFideId "14210410"]
[BlackFideId "2063620"]
[EventDate "2025.05.27"]

1. e4 e6 2. d4 d5 3. Nd2 c5 4. Ngf3 Nc6 5. exd5 exd5 6. Bb5 Qe7+ 7. Qe2 Qxe2+ 8.
Bxe2 Bf5 9. c3 cxd4 10. Nxd4 Nxd4 11. cxd4 Bd6 12. O-O h5 13. Bf3 Ne7 14. Re1
Kd7 15. Nb3 b6 16. Bd2 f6 17. Be2 a6 18. Rac1 g5 19. h3 g4 20. h4 g3 21. Rf1
gxf2+ 22. Rxf2 Bg3 23. Rff1 Bxh4 24. Bb4 Be4 25. Bxe7 Kxe7 26. Rc7+ Ke6 27. Rc6+
Kf7 28. Rxb6 Bg5 29. Kh2 f5 30. Nc5 Kg7 31. Ne6+ Kg6 32. Nc7+ Bf6 33. Nxa8 Rxa8
34. Bxh5+ Kg5 35. Bf3 Bxd4 36. Bxe4 dxe4 37. Re6 Rh8+ 38. Kg3 Be3 39. Re5 Rf8
40. Rxe4 f4+ 41. Kf3 Rb8 42. Re5+ Kf6 43. Ra5 Rxb2 44. Rxa6+ Kg5 45. a4 Bd4 46.
Ke4 Be3 47. Ra5+ Kg4 48. Ra8 1-0

[Event "Titled Tue 27th May Early"]
[Site "chess.com INT"]
[Date "2025.05.27"]
[Round "6"]
[White "Arya G Mallar"]
[Black "Sovetbekova, Nurai"]
[Result "1-0"]
[WhiteTitle "WCM"]
[BlackTitle "WFM"]
[WhiteElo "2014"]
[BlackElo "2007"]
[WhiteFideId "25115324"]
[BlackFideId "13801910"]
[EventDate "2025.05.27"]

1. c4 Nf6 2. Nc3 d5 3. cxd5 Nxd5 4. g3 g6 5. Bg2 Nxc3 6. bxc3 Bg7 7. Nf3 O-O 8.
O-O c5 9. Rb1 Nc6 10. Qa4 Qc7 11. Ba3 b6 12. d4 Bf5 13. Rbc1 Na5 14. dxc5 bxc5
15. Nh4 Bd7 16. Qc2 Rac8 17. c4 Rfd8 18. Rfd1 Bc6 19. Nf3 Bb7 20. Qa4 Bc6 21.
Qc2 Rd6 22. Rxd6 exd6 23. Ne1 Re8 24. Bxc6 Nxc6 25. e3 Qa5 26. Qd3 Ne5 27. Qb3
Nxc4 28. Bxc5 Nd2 29. Qb4 Qxa2 30. Bxd6 Ne4 31. Nd3 Rd8 32. Rc6 Qe2 33. Qxe4 Bf8
34. Bxf8 Rxd3 35. Rc8 Rd1+ 36. Kg2 Qf1+ 37. Kf3 Qh1+ 38. Kf4 g5+ 39. Kf5 Rd5+
40. Kf6 Qxe4 41. Bh6+ 1-0

[Event "Titled Tue 27th May Early"]
[Site "chess.com INT"]
[Date "2025.05.27"]
[Round "6"]
[White "Gasparyan, Erik R."]
[Black "Vaganian, Rafael A"]
[Result "1-0"]
[WhiteTitle "IM"]
[BlackTitle "GM"]
[WhiteElo "2372"]
[BlackElo "2449"]
[WhiteFideId "13315730"]
[BlackFideId "13300016"]
[EventDate "2025.05.27"]

1. Nf3 Nf6 2. b3 g6 3. Bb2 Bg7 4. g3 O-O 5. Bg2 d5 6. O-O c5 7. d4 Ne4 8. Nbd2
Nc6 9. e3 cxd4 10. exd4 Bf5 11. c3 Qa5 12. Nxe4 Bxe4 13. Re1 Rac8 14. Qe2 e6 15.
a4 Qb6 16. b4 Ne7 17. Qb5 Nf5 18. Nd2 Bxg2 19. Kxg2 Nd6 20. Qxb6 axb6 21. a5 b5
22. Nb3 Nc4 23. Bc1 Rc7 24. Bf4 Rc6 25. Nc5 b6 26. axb6 Nxb6 27. Ra6 Rfc8 28.
Rea1 Bf8 29. R1a5 Na4 30. Rxc6 Rxc6 31. Bd2 e5 32. Nxa4 bxa4 33. dxe5 d4 34.
cxd4 Rc2 35. Bg5 h6 36. Be3 Ra2 37. Ra8 Kg7 38. b5 a3 39. Bxh6+ Kxh6 40. Rxf8
Rb2 41. Ra8 a2 42. b6 Kg5 43. Kf3 Kf5 44. b7 Rxb7 45. Rxa2 Rb3+ 46. Kg2 Ke4 47.
Ra7 Kxd4 48. f4 Rb2+ 49. Kh3 1-0

[Event "Titled Tue 27th May Early"]
[Site "chess.com INT"]
[Date "2025.05.27"]
[Round "6"]
[White "Kriti, Mayur Patel"]
[Black "Kjaergaard-Jensen, Jesper"]
[Result "0-1"]
[WhiteTitle "WCM"]
[BlackTitle "CM"]
[WhiteElo "1695"]
[BlackElo "2081"]
[WhiteFideId "35061780"]
[BlackFideId "1406990"]
[EventDate "2025.05.27"]

1. e4 d5 2. exd5 Qxd5 3. Nf3 Bf5 4. d4 Qe4+ 5. Be3 Qxc2 6. Qxc2 Bxc2 7. Na3 Be4
8. Nb5 Na6 9. Nc3 Bxf3 10. gxf3 Nb4 11. Nb5 O-O-O 12. Rc1 c6 13. Nxa7+ Kb8 14.
a3 Nd5 15. Nxc6+ bxc6 16. Rxc6 Kb7 17. Rc5 Nxe3 18. fxe3 e6 19. Rb5+ Kc7 20. Bd3
Rb8 21. Rxb8 Kxb8 22. Kd2 Nf6 23. Rc1 Bd6 24. h3 Rc8 25. Rg1 g6 26. Rg5 Nd5 27.
b4 Be7 28. Rg1 Ka7 29. Ra1 Rc7 30. b5 Kb6 31. a4 Ra7 32. Bc2 Bb4+ 33. Kd3 Rc7
34. Bd1 Rc3+ 35. Ke2 Rxe3+ 36. Kf2 Ra3 37. Rc1 Rxa4 38. Bxa4 Nc3 39. Bb3 Kxb5
40. Rc2 Ba5 41. Ke3 Kb4 42. Rb2 Ka3 43. Rc2 Kxb3 44. Rg2 Nd5+ 45. Ke4 Bc7 46. h4
f5+ 0-1

[Event "Titled Tue 27th May Early"]
[Site "chess.com INT"]
[Date "2025.05.27"]
[Round "6"]
[White "Barwinska, Ewa"]
[Black "Boramanikar, Tanisha S"]
[Result "1-0"]
[WhiteTitle "WFM"]
[BlackTitle "WCM"]
[WhiteElo "2014"]
[BlackElo "1743"]
[WhiteFideId "21833761"]
[BlackFideId "35023454"]
[EventDate "2025.05.27"]

1. e4 c5 2. Nf3 Nc6 3. Bb5 d6 4. Bxc6+ bxc6 5. O-O g6 6. Nc3 Bg7 7. d3 e6 8. h3
Ne7 9. Be3 O-O 10. Qd2 Rb8 11. Rab1 Qa5 12. Bh6 Bxh6 13. Qxh6 f6 14. h4 d5 15.
e5 Nf5 16. Qf4 Rb4 17. Qd2 Nxh4 18. Nxh4 Rxh4 19. g3 Rh5 20. exf6 Rxf6 21. Rbe1
Qb4 22. Qe2 Qxb2 23. Nd1 Qxa2 24. Ne3 Qa4 25. Ng4 Rf8 26. Ne5 a5 27. c4 Qb3 28.
Rb1 Qc3 29. Rfe1 a4 30. Rbc1 Qa5 31. Ra1 a3 32. Nxc6 Qa6 33. Ne7+ Kh8 34. Nxc8
Rxc8 35. Qxe6 Qxe6 36. Rxe6 dxc4 37. Rxa3 Rd8 38. dxc4 Rd1+ 39. Kg2 Rc1 40. Re7 1-0

[Event "Titled Tue 27th May Early"]
[Site "chess.com INT"]
[Date "2025.05.27"]
[Round "6"]
[White "Hasman, Cengiz"]
[Black "Mateus, Martha"]
[Result "1/2-1/2"]
[BlackTitle "WIM"]
[WhiteElo "2079"]
[BlackElo "1963"]
[WhiteFideId "413364"]
[BlackFideId "4401549"]
[EventDate "2025.05.27"]

1. d4 Nf6 2. c4 e6 3. Bg5 d5 4. cxd5 exd5 5. Nc3 Bb4 6. e3 O-O 7. Bd3 h6 8. Bh4
Nbd7 9. Ne2 Re8 10. Qc2 c5 11. Rd1 cxd4 12. Nxd4 g5 13. Bg3 Nc5 14. O-O Bxc3 15.
Qxc3 Nce4 16. Qb3 Be6 17. Rc1 Rc8 18. Qxb7 Qa5 19. Nxe6 Rxc1 20. Rxc1 Rxe6 21.
Qc8+ Re8 22. Qc2 Qxa2 23. Qb1 Qb3 24. Qc2 Qb4 25. Ra1 a5 26. Qa4 Qxb2 27. Bxe4
Rxe4 28. Qxa5 Kg7 29. Rf1 d4 30. exd4 Qxd4 31. h3 Nh5 32. Bh2 Nf4 33. Kh1 Re5
34. Qa2 Re2 35. Qb1 Rxf2 36. Rxf2 Qxf2 37. Bxf4 Qxf4 38. Qe1 Kg6 39. Qb1+ Qf5
40. Qe1 Qe6 41. Qb1+ Qf5 42. Qd1 Kg7 43. Qa1+ Qf6 44. Qe1 Qe6 45. Qf2 h5 46. Qd2
Qf5 47. Qe2 Kg6 48. Qd1 Qe5 49. Qb1+ Qf5 50. Qd1 Qe5 51. Qb1+ Qf5 52. Qd1 1/2-1/2

[Event "Titled Tue 27th May Early"]
[Site "chess.com INT"]
[Date "2025.05.27"]
[Round "6"]
[White "Dyulgerov, Volen"]
[Black "Jake Shanty"]
[Result "0-1"]
[WhiteTitle "CM"]
[BlackTitle "FM"]
[WhiteElo "2200"]
[BlackElo "2252"]
[WhiteFideId "2918978"]
[BlackFideId "33478066"]
[EventDate "2025.05.27"]

1. e4 c5 2. d4 cxd4 3. c3 d5 4. Qxd4 dxe4 5. Qxe4 Nf6 6. Qh4 Nc6 7. Nf3 e6 8.
Bg5 Be7 9. Nbd2 O-O 10. O-O-O h6 11. Bxh6 gxh6 12. Nc4 Qc7 13. Bd3 Nd5 14. Qg4+
Kh8 15. g3 Nf6 16. Qh4 Ng8 17. Qh5 f5 18. Rhe1 Bf6 19. Nh4 Qf7 20. Qf3 Bxh4 21.
gxh4 Bd7 22. Nd6 Qe7 23. Bc2 Qxh4 24. Kb1 Rab8 25. Rg1 Nce7 26. Qd3 Qf6 27. f4
Bc6 28. Nc4 Be4 29. Qh3 Bxc2+ 30. Kxc2 Rbd8 31. Ne5 Rxd1 32. Rxd1 Ng6 33. Nd7
Qg7 34. Nxf8 Qxf8 35. Rg1 Kg7 36. Qd3 Ne7 37. h4 Qc8 38. h5 Qc5 39. hxg6 Qxg1
40. Qd7 Qf2+ 41. Kb3 Qc5 42. Qxe6 Qd5+ 43. Qxd5 Nxd5 44. Kc4 Nxf4 45. Kd4 Nxg6
46. c4 h5 47. b4 h4 48. c5 h3 49. Ke3 h2 0-1

[Event "Titled Tue 27th May Early"]
[Site "chess.com INT"]
[Date "2025.05.27"]
[Round "6"]
[White "Iskusnyh, Sergei"]
[Black "Cuellar Montes, Alejandro"]
[Result "1-0"]
[WhiteTitle "GM"]
[BlackTitle "CM"]
[WhiteElo "2440"]
[BlackElo "2173"]
[WhiteFideId "4120027"]
[BlackFideId "32096836"]
[EventDate "2025.05.27"]

1. d4 Nf6 2. c4 e6 3. g3 d5 4. Bg2 Be7 5. Nf3 O-O 6. Qc2 dxc4 7. Qxc4 c5 8. dxc5
Nbd7 9. O-O Bxc5 10. Nc3 a6 11. b4 Be7 12. Qb3 Qb6 13. a3 Nd5 14. Nxd5 exd5 15.
Qxd5 Nf6 16. Qe5 Bd6 17. Qe3 Qb5 18. Bb2 Re8 19. Qd2 Be7 20. Nd4 Qh5 21. Rac1
Bd7 22. Bxb7 Ra7 23. Bg2 Ng4 24. Nf3 Bf6 25. Rc5 Qg6 26. Bxf6 Qxf6 27. e3 Bb5
28. Rd1 Rd7 29. Rd5 Rxd5 30. Qxd5 h6 31. h3 Ne5 32. Nxe5 Rxe5 33. Qd8+ Qxd8 34.
Rxd8+ Kh7 35. h4 Re7 36. Rd6 Rc7 37. Bd5 f6 38. h5 Rc3 39. Be4+ Kg8 40. a4 Bxa4
41. Rxa6 Rc1+ 42. Kg2 Bb5 43. Ra7 Bf1+ 44. Kh2 Bc4 45. Re7 Rc3 46. Bg6 Kf8 47.
Re8# 1-0

[Event "Titled Tue 27th May Early"]
[Site "chess.com INT"]
[Date "2025.05.27"]
[Round "6"]
[White "Fragkos, Vasileios"]
[Black "Kourkoulos-Arditis, Stamatis"]
[Result "0-1"]
[WhiteTitle "CM"]
[BlackTitle "GM"]
[WhiteElo "2176"]
[BlackElo "2580"]
[WhiteFideId "25832646"]
[BlackFideId "4221990"]
[EventDate "2025.05.27"]

1. f4 d5 2. Nf3 Nf6 3. e3 Bg4 4. b3 Nbd7 5. Bb2 e6 6. d3 c6 7. h3 Bxf3 8. Qxf3
Bd6 9. g4 O-O 10. g5 Ne8 11. h4 f5 12. gxf6 Nexf6 13. Nd2 e5 14. f5 a5 15. a4
Qb6 16. Be2 Rae8 17. Qg3 Bc5 18. Nf1 Bb4+ 19. Kd1 Qc5 20. Rg1 Rf7 21. h5 Bc3 22.
Bxc3 Qxc3 23. Rc1 h6 24. Qg6 Kf8 25. Nh2 e4 26. d4 Qxe3 27. c3 Qf4 28. Nf1 e3
29. Kc2 c5 30. Qg3 Qxf5+ 31. Kb2 Ne4 32. Qh4 Qf2 33. Qxf2 Rxf2 34. Re1 cxd4 35.
cxd4 Ndf6 36. Nxe3 Nd6 37. Rgf1 Rxf1 38. Bxf1 Nf5 39. Nc2 Rxe1 40. Nxe1 Nxd4 41.
Bg2 Ke7 42. Nd3 Kd6 43. Kc3 Ne6 44. b4 axb4+ 45. Kxb4 Nxh5 46. a5 Nhf4 47. Nxf4
Nxf4 48. Bf1 Kc6 49. Bb5+ Kd6 50. Bf1 h5 51. Kb5 Kc7 52. Kc5 h4 53. Kd4 h3 54.
a6 bxa6 55. Ke5 h2 0-1

[Event "Titled Tue 27th May Early"]
[Site "chess.com INT"]
[Date "2025.05.27"]
[Round "6"]
[White "Carrasco Miranda, Andres"]
[Black "Perez Rojas, Jorge"]
[Result "1-0"]
[WhiteTitle "CM"]
[BlackTitle "FM"]
[WhiteElo "2211"]
[BlackElo "2100"]
[WhiteFideId "3405990"]
[BlackFideId "3452093"]
[EventDate "2025.05.27"]

1. Nf3 Nf6 2. c4 c5 3. Nc3 Nc6 4. g3 e6 5. d4 cxd4 6. Nxd4 Bc5 7. Nb3 Bb4 8. Bg2
O-O 9. O-O h6 10. Nb5 b6 11. a3 Be7 12. Bf4 Ba6 13. Nc7 Bxc4 14. Nxa8 Qxa8 15.
Rc1 d5 16. Nd4 Nxd4 17. Rxc4 Nb5 18. a4 Qe8 19. Rc1 Nd6 20. Rc7 Nde4 21. Rxa7
Bc5 22. a5 e5 23. Bd2 Qb8 24. axb6 Qxb6 25. Ra2 Nxf2 26. Qc2 Be3 27. Bxe3 Qxe3
28. Rxf2 Ng4 29. Qf5 Qc1+ 30. Bf1 Ne3 31. Qxe5 Qc5 32. b4 Qb6 33. Kh1 Nc4 34.
Qf4 Ne3 35. b5 Ng4 36. Rf3 Nf6 37. Rb2 d4 38. Rd3 Rd8 39. Rbd2 Qxb5 40. Rxd4 Re8
41. Rd8 Rxd8 42. Rxd8+ Kh7 43. Rd3 Kg8 44. Bg2 Qb1+ 45. Qf1 Qb5 46. Bf3 Kh7 47.
Kg2 Kg8 48. Qd1 Kh7 49. Rd8 Kg6 50. Qd3+ Qxd3 51. Rxd3 1-0

[Event "Titled Tue 27th May Early"]
[Site "chess.com INT"]
[Date "2025.05.27"]
[Round "6"]
[White "Goryachkina, Aleksandra"]
[Black "Herrera Ortiz, Miguel"]
[Result "1-0"]
[WhiteTitle "GM"]
[BlackTitle "IM"]
[WhiteElo "2544"]
[BlackElo "2174"]
[WhiteFideId "4147103"]
[BlackFideId "5100550"]
[EventDate "2025.05.27"]

1. Nf3 Nf6 2. b3 d5 3. Bb2 e6 4. g3 Be7 5. Bg2 O-O 6. O-O c5 7. d3 Nc6 8. Nbd2
d4 9. e4 dxe3 10. fxe3 Nd5 11. Qe2 Bf6 12. Bxf6 Qxf6 13. Ne4 Qe7 14. c4 Nf6 15.
Nxf6+ Qxf6 16. Nd2 Qb2 17. Rfb1 Qc2 18. Be4 f5 19. Bxc6 bxc6 20. Rc1 Qb2 21. a4
Rd8 22. Rab1 Qf6 23. Nf3 e5 24. Rd1 Rb8 25. Qb2 Re8 26. Qa3 Qd6 27. d4 exd4 28.
exd4 Rb4 29. Re1 Re4 30. Rbd1 a5 31. dxc5 Qxc5+ 32. Kg2 Rxe1 33. Rxe1 Bd7 34.
Qb2 Rb8 35. Qd2 Be8 36. Re5 Qf8 37. Rxa5 Rxb3 38. Ra8 Qe7 39. a5 Qe4 40. Qf2 c5
41. Rd8 Kf7 42. Rxe8 Kxe8 43. a6 Ra3 44. a7 Rxa7 45. Qxc5 Rd7 46. Qc8+ Ke7 47.
Qc5+ Kf7 48. Qb5 Ke7 49. Qc5+ 1-0

[Event "Titled Tue 27th May Early"]
[Site "chess.com INT"]
[Date "2025.05.27"]
[Round "6"]
[White "Tekeyev, Zaur"]
[Black "Mitrabha, Guha"]
[Result "0-1"]
[WhiteTitle "IM"]
[BlackTitle "GM"]
[WhiteElo "2417"]
[BlackElo "2515"]
[WhiteFideId "4199731"]
[BlackFideId "5057000"]
[EventDate "2025.05.27"]

1. e4 c6 2. d4 d5 3. e5 Bf5 4. Bd3 Bxd3 5. Qxd3 e6 6. Ne2 Ne7 7. Nd2 Nd7 8. Nf3
c5 9. c3 Nc6 10. O-O Be7 11. Nf4 g6 12. g3 Qb6 13. Rb1 O-O-O 14. b4 cxd4 15.
cxd4 Kb8 16. Bd2 Rc8 17. Rb3 a6 18. Rfb1 Qb5 19. Qe3 Nb6 20. Nd3 Nc4 21. Qe1 b6
22. Nc5 Bxc5 23. bxc5 Qa4 24. cxb6 Kb7 25. Bb4 Qxa2 26. Bc5 a5 27. Ng5 N6xe5 28.
dxe5 Rxc5 29. Nxf7 Rhc8 30. Kg2 R5c6 31. Qc1 Qe2 32. Qf4 a4 33. Rb4 a3 34. Nd6+
Nxd6 35. exd6 Qa6 36. Qf7+ Kb8 37. b7 Rd8 38. R4b3 Rcxd6 39. Qe7 R6d7 40. Qb4 a2
41. Ra1 Rxb7 42. Qf4+ Qd6 43. Rxb7+ Kxb7 44. Qd2 Ra8 45. Rxa2 Rxa2 46. Qxa2 d4
47. Qb2+ Kc7 48. Qc2+ Qc6+ 49. Qxc6+ Kxc6 50. Kf3 Kd5 51. Ke2 e5 0-1